[Event "42.OStM"]
[Site "Bergisch Gladbach"]
[Date "2022.10.21"]
[Round "6.10"]
[White "Schiffer, Hans Joachim"]
[Black "Schreiter, Oliver"]
[Result "0-1"]
[WhiteElo "1485"]
[BlackElo "1732"]
[PlyCount "72"]
[EventDate "2022.??.??"]
[EventType "swiss"]
[EventRounds "7"]
[SourceVersionDate "2022.09.06"]

1. e4 c5 2. Nf3 d6 3. d4 cxd4 4. Nxd4 Nf6 5. Nc3 Nc6 6. Nxc6 bxc6 7. Be2 g6 8.
O-O Bg7 9. Bd2 O-O 10. Bf3 Nd7 11. Rb1 a5 12. Re1 Qc7 13. Ne2 Ne5 14. Ng3 Be6
15. b3 a4 16. Be2 axb3 17. axb3 Ra2 18. Kh1 c5 19. f4 Nc6 20. c4 Nd4 21. Bc3
Nxe2 22. Rxe2 Bg4 23. Bxg7 Bxe2 24. Nxe2 Kxg7 25. Nc3 Ra6 26. Qe2 e6 27. e5
Rfa8 28. h3 Ra1 29. Rxa1 Rxa1+ 30. Kh2 dxe5 31. fxe5 f6 32. g3 fxe5 33. Nb5 Qb8
34. Qd3 Qb7 35. g4 Rh1+ 36. Kg3 Rg1+ 0-1

[Event "42.OStM"]
[Site "Bergisch Gladbach"]
[Date "2022.10.21"]
[Round "6.12"]
[White "Hoferichter, Michael"]
[Black "Witte, Volker"]
[Result "0-1"]
[WhiteElo "1468"]
[BlackElo "1650"]
[PlyCount "50"]
[EventDate "2022.??.??"]
[EventType "swiss"]
[EventRounds "7"]
[SourceVersionDate "2022.09.06"]

1. e4 c6 2. d4 d5 3. e5 Bf5 4. Nf3 e6 5. Be2 Nd7 6. O-O c5 7. c3 a6 8. Be3 c4
9. b3 b5 10. Nbd2 h6 11. bxc4 bxc4 12. a4 g5 13. h3 Ne7 14. g4 Bg6 15. Ne1 Nc6
16. f4 gxf4 17. Rxf4 Be7 18. Ng2 Qa5 19. Rf3 Qxc3 20. Bf2 Qa5 21. Nf4 Rb8 22.
Nxg6 fxg6 23. Qc2 Rg8 24. Be1 Nxd4 25. Qc1 Nxe2+ 0-1

[Event "42.OStM"]
[Site "Bergisch Gladbach"]
[Date "2022.10.21"]
[Round "6.13"]
[White "Reuter, Carlo"]
[Black "Aljalam, Yamen"]
[Result "0-1"]
[WhiteElo "1296"]
[BlackElo "1561"]
[PlyCount "118"]
[EventDate "2022.??.??"]
[EventType "swiss"]
[EventRounds "7"]
[SourceVersionDate "2022.09.06"]

1. d4 e6 2. c4 d5 3. Nf3 Nf6 4. e3 dxc4 5. Bxc4 Bd6 6. Nc3 a6 7. a4 O-O 8. O-O
Nc6 9. Re1 Ne7 10. e4 Bb4 11. e5 Bxc3 12. bxc3 Nfd5 13. Qc2 b6 14. Ng5 Ng6 15.
Bd3 f5 16. exf6 Qxf6 17. Bxg6 hxg6 18. Nf3 Qf5 19. Qxf5 gxf5 20. c4 Nf6 21. Ng5
Re8 22. Bf4 Ra7 23. Ra2 c5 24. dxc5 bxc5 25. Bd6 e5 26. Bxe5 Ne4 27. Nf3 Rae7
28. Ra3 g5 29. Bb2 Be6 30. Rae3 Kf7 31. Ne5+ Kg8 32. Nc6 Rd7 33. h3 Rd2 34.
R3e2 Rxe2 35. Rxe2 Bxc4 36. Rc2 Bb3 37. Re2 Bxa4 38. Ne7+ Rxe7 39. f3 Kf7 40.
fxe4 Rxe4 41. Rxe4 fxe4 42. Kf2 Ke6 43. Ke3 Bc2 44. Bc3 Bd3 45. g3 Kf5 46. Bd2
Bf1 47. h4 gxh4 48. gxh4 Bg2 49. Kf2 Bf3 50. Ke3 Ke5 51. Bc3+ Kd5 52. Ba5 Kc4
53. h5 Bxh5 54. Kxe4 Kb5 55. Be1 a5 56. Bxa5 Kxa5 57. Ke3 Kb4 58. Kd2 Bg6 59.
Kc1 Kb3 0-1

[Event "42.OStM"]
[Site "Bergisch Gladbach"]
[Date "2022.10.21"]
[Round "6.14"]
[White "Zimmermann, Wolfgang"]
[Black "Schüers, Christian"]
[Result "1/2-1/2"]
[WhiteElo "1303"]
[BlackElo "1480"]
[PlyCount "79"]
[EventDate "2022.??.??"]
[EventType "swiss"]
[EventRounds "7"]
[SourceVersionDate "2022.09.06"]

1. d4 Nf6 2. Nf3 d6 3. c4 g6 4. Nc3 Bg7 5. Bg5 O-O 6. Bxf6 Bxf6 7. e4 Nd7 8. e5
dxe5 9. dxe5 Nxe5 10. Nxe5 Bxe5 11. Qc2 c6 12. Bd3 Qc7 13. g3 Bg4 14. Be2 Bxe2
15. Nxe2 Qa5+ 16. Nc3 Bxc3+ 17. bxc3 Rfd8 18. O-O Rd7 19. Rfd1 Rad8 20. Rxd7
Rxd7 21. a4 Qd8 22. Rb1 Rd2 23. Qe4 Rd1+ 24. Kg2 Rxb1 25. Qxb1 Qd7 26. Qc2 c5
27. Qb3 Kg7 28. Qc2 Qc6+ 29. Kg1 b6 30. Qd1 e6 31. Qb3 f6 32. Qd1 e5 33. Qc2 f5
34. Qd1 e4 35. Qd5 Qxa4 36. Qe5+ Kh6 37. Qf4+ Kg7 38. Qe5+ Kf7 39. Qc7+ Kg8 40.
Qd8+ 1/2-1/2

[Event "42.OStM"]
[Site "Bergisch Gladbach"]
[Date "2022.10.21"]
[Round "6.15"]
[White "Stetten, Joachim"]
[Black "Klein, Dieter"]
[Result "1/2-1/2"]
[WhiteElo "1515"]
[BlackElo "1587"]
[PlyCount "55"]
[EventDate "2022.??.??"]
[EventType "swiss"]
[EventRounds "7"]
[SourceVersionDate "2022.09.06"]

1. e4 e5 2. Nf3 Nc6 3. Bc4 Bc5 4. O-O Nf6 5. d4 Bxd4 6. Nxd4 Nxd4 7. f4 Nc6 8.
fxe5 Nxe5 9. Qd4 Qe7 10. Nc3 c5 11. Qf2 Nxc4 12. Bg5 Qe5 13. Bxf6 Qxf6 14. Qxf6
gxf6 15. Rxf6 Nb6 16. Nd5 Nxd5 17. exd5 Ke7 18. Raf1 Rf8 19. d6+ Kd8 20. Rxf7
Rxf7 21. Rxf7 Ke8 22. Rxh7 b6 23. h4 a5 24. h5 Bb7 25. Re7+ Kf8 26. Rxd7 Be4
27. h6 Kg8 28. Re7 1/2-1/2

[Event "42.OStM"]
[Site "Bergisch Gladbach"]
[Date "2022.10.21"]
[Round "6.17"]
[White "Schneider, Erich"]
[Black "Ramien, Eva"]
[Result "1-0"]
[WhiteElo "1195"]
[BlackElo "994"]
[PlyCount "79"]
[EventDate "2022.??.??"]
[EventType "swiss"]
[EventRounds "7"]
[SourceVersionDate "2022.09.06"]

1. d4 d5 2. c4 dxc4 3. e4 Nf6 4. e5 Nd5 5. Bxc4 Nc6 6. h3 h6 7. Nf3 Bf5 8. O-O
e6 9. a3 Be7 10. Nc3 Nb6 11. Ba2 O-O 12. Be3 Bh7 13. Rc1 Qd7 14. Qe2 Rad8 15.
Rfd1 a6 16. Bb1 Bxb1 17. Rxb1 Na7 18. Rbc1 Rc8 19. Qd3 Na4 20. Qc2 Nxc3 21.
Qxc3 c6 22. Qd3 Rfd8 23. Qe4 Qd5 24. Qd3 c5 25. Qc3 cxd4 26. Qxd4 Rxc1 27. Rxc1
Qxd4 28. Bxd4 Nb5 29. Bb6 Rf8 30. a4 Nd6 31. exd6 Bxd6 32. Rd1 Bb4 33. Kf1 Rc8
34. Rd7 Rc1+ 35. Ke2 Rc2+ 36. Kf1 Rxb2 37. Rxb7 Ba5 38. Rb8+ Kh7 39. Bc7 Rxb8
40. Bxb8 1-0

[Event "42.OStM"]
[Site "Bergisch Gladbach"]
[Date "2022.10.28"]
[Round "7.1"]
[White "Belyaev, Ilja"]
[Black "Mohaupt, Sascha"]
[Result "0-1"]
[WhiteElo "2091"]
[BlackElo "2209"]
[PlyCount "134"]
[EventDate "2022.??.??"]
[EventType "swiss"]
[EventRounds "7"]
[SourceVersionDate "2022.09.06"]

1. e4 c5 2. Nf3 e6 3. d4 cxd4 4. Nxd4 Nf6 5. Nc3 d6 6. Bg5 h6 7. Be3 a6 8. a4
Nc6 9. Be2 Be7 10. O-O O-O 11. f4 Qc7 12. Qe1 Nxd4 13. Bxd4 e5 14. Be3 exf4 15.
Rxf4 Be6 16. Rd1 Nd7 17. Bd4 Ne5 18. Kh1 Nc6 19. Bg1 Bg5 20. Rf1 Ne5 21. Qg3
Rfe8 22. Bd4 Rac8 23. Bd3 Be7 24. Nd5 Bxd5 25. exd5 Bf8 26. Bf5 Rb8 27. b3 b5
28. axb5 axb5 29. c3 g6 30. Bb1 Bg7 31. Qf4 Rb7 32. h3 Qd8 33. Rde1 Qg5 34.
Qxg5 hxg5 35. g4 Rbe7 36. Re3 Nd7 37. Rfe1 Rxe3 38. Rxe3 Ra8 39. Bxg7 Kxg7 40.
Bd3 Rb8 41. Kg2 b4 42. Bc4 Ne5 43. cxb4 Rxb4 44. Rc3 f5 45. Kg3 Kf6 46. Rc2 Nd7
47. Re2 Ne5 48. Rc2 Rb7 49. Ra2 Rb8 50. Ra1 Rc8 51. Ra6 Nxc4 52. bxc4 Ke5 53.
gxf5 gxf5 54. Rc6 Ra8 55. c5 Ra3+ 56. Kg2 Ra2+ 57. Kf3 Ra3+ 58. Kg2 Rc3 59.
cxd6 Rxc6 60. dxc6 Kxd6 61. h4 gxh4 62. Kh3 Kxc6 63. Kxh4 Kd5 64. Kg3 Ke4 65.
Kg2 Ke3 66. Kf1 Kf3 67. Ke1 Kg2 0-1

[Event "42.OStM"]
[Site "Bergisch Gladbach"]
[Date "2022.10.28"]
[Round "7.2"]
[White "Weclawski, Roman"]
[Black "Gelsok, Philipp"]
[Result "0-1"]
[WhiteElo "1906"]
[BlackElo "1988"]
[PlyCount "58"]
[EventDate "2022.??.??"]
[EventType "swiss"]
[EventRounds "7"]
[SourceVersionDate "2022.09.06"]

1. e4 c5 2. Nf3 d6 3. Nc3 Nf6 4. Bb5+ Nbd7 5. d4 cxd4 6. Nxd4 a6 7. Be2 b5 8.
a3 Bb7 9. f3 e6 10. Be3 d5 11. exd5 Nxd5 12. Nxd5 Bxd5 13. b4 Qc7 14. O-O Bd6
15. f4 Nb6 16. g3 Bc4 17. Re1 O-O 18. Bd3 Rfd8 19. Nf3 Bxd3 20. cxd3 Nd5 21.
Bf2 Qb7 22. Ng5 h6 23. Ne4 a5 24. Nxd6 Rxd6 25. Bc5 Rda6 26. Rc1 axb4 27. axb4
Ra2 28. Rc2 Nc3 29. Rxa2 Rxa2 0-1

[Event "42.OStM"]
[Site "Bergisch Gladbach"]
[Date "2022.10.28"]
[Round "7.3"]
[White "Türkkan, Nuh"]
[Black "Themm, Rainer"]
[Result "1-0"]
[WhiteElo "1842"]
[BlackElo "1843"]
[PlyCount "113"]
[EventDate "2022.??.??"]
[EventType "swiss"]
[EventRounds "7"]
[SourceVersionDate "2022.09.06"]

1. c4 e6 2. Nc3 Nf6 3. e4 Nc6 4. d4 d6 5. Nf3 Ne7 6. g3 Ng6 7. Bg2 Bd7 8. O-O
e5 9. h3 h5 10. Bg5 Qc8 11. dxe5 dxe5 12. Bxf6 gxf6 13. Nd5 Bg7 14. h4 c6 15.
Ne3 Bf8 16. Qc2 Bh3 17. c5 Bxg2 18. Kxg2 Be7 19. Nf5 Kf8 20. Rfd1 Qc7 21. Rd3
Rd8 22. Rad1 Rxd3 23. Rxd3 Rh7 24. Qd2 Ke8 25. b4 Nf8 26. Qd1 Ne6 27. Nd2 b6
28. cxb6 axb6 29. Qa4 Qb7 30. b5 c5 31. Qa6 Qb8 32. Nc4 Nc7 33. Qa4 Ne6 34. Qa6
Nc7 35. Qa4 Ne6 36. Nfd6+ Kf8 37. Qa6 Bd8 38. Nc8 Bc7 39. N8xb6 Kg7 40. Nd5 Nd4
41. Qxf6+ Kg8 42. Qg5+ Kh8 43. Nxc7 Qxc7 44. b6 Qb7 45. Qxe5+ Rg7 46. Qxh5+ Kg8
47. Qd5 Qb8 48. Qxc5 Ne6 49. Qd6 Qb7 50. Rd5 Rg6 51. Qd7 Qb8 52. Nd6 Rg7 53.
Qe8+ Qxe8 54. Nxe8 Nf4+ 55. Kf3 Nxd5 56. Nxg7 Nxb6 57. Nf5 1-0

[Event "42.OStM"]
[Site "Bergisch Gladbach"]
[Date "2022.10.28"]
[Round "7.4"]
[White "Witte, Volker"]
[Black "Hertling, Jürgen"]
[Result "1-0"]
[WhiteElo "1650"]
[BlackElo "1680"]
[PlyCount "129"]
[EventDate "2022.??.??"]
[EventType "swiss"]
[EventRounds "7"]
[SourceVersionDate "2022.09.06"]

1. d4 Nf6 2. c4 g6 3. Nc3 d5 4. cxd5 Nxd5 5. e4 Nxc3 6. bxc3 Bg7 7. Bc4 c5 8.
Ne2 Nc6 9. Be3 O-O 10. O-O Qc7 11. Rc1 b6 12. a4 Bb7 13. f3 e6 14. Qc2 Na5 15.
Ba2 c4 16. e5 Bc6 17. Rb1 Qd7 18. Rb4 b5 19. axb5 Bxb5 20. Ng3 a6 21. Ne4 Nc6
22. Rb2 Qc7 23. Nd6 Na7 24. Qe2 Rab8 25. Rfb1 Rfd8 26. Bxc4 Bxc4 27. Qxc4 Qxc4
28. Nxc4 Rxb2 29. Rxb2 Nb5 30. Bd2 f6 31. exf6 Bxf6 32. f4 Rc8 33. Rb4 Kg7 34.
Kf1 Be7 35. Ra4 Kf6 36. Ke2 Kf5 37. Kd3 Nc7 38. Ne5 Bd6 39. g4+ Kf6 40. h3 Bxe5
41. fxe5+ Ke7 42. c4 Kd7 43. Ba5 Ne8 44. Rb4 Nc7 45. Rb6 h5 46. Rd6+ Ke7 47.
Bxc7 Rxc7 48. Rxa6 hxg4 49. hxg4 Rb7 50. d5 exd5 51. cxd5 Kf7 52. Kc4 Rb1 53.
Rf6+ Kg7 54. Rf4 Rc1+ 55. Kb5 Re1 56. e6 Re5 57. Kc6 g5 58. Rf7+ Kg8 59. Kd6
Re4 60. Ke7 Rxg4 61. d6 Rd4 62. d7 g4 63. Rf8+ Kg7 64. d8=Q Rxd8 65. Rxd8 1-0

[Event "42.OStM"]
[Site "Bergisch Gladbach"]
[Date "2022.10.28"]
[Round "7.5"]
[White "Rohleder, Traugott"]
[Black "Harringer, Manfred"]
[Result "0-1"]
[WhiteElo "1630"]
[BlackElo "2021"]
[PlyCount "56"]
[EventDate "2022.??.??"]
[EventType "swiss"]
[EventRounds "7"]
[SourceVersionDate "2022.09.06"]

1. c4 Nf6 2. Nc3 e6 3. Nf3 d5 4. cxd5 exd5 5. d4 Bd6 6. g3 O-O 7. Bg2 c6 8. O-O
Re8 9. Bg5 Nbd7 10. Qc2 h6 11. Bd2 Nb6 12. b3 Bg4 13. h3 Bh5 14. Rfe1 Bg6 15.
Qc1 a5 16. a4 Nbd7 17. Bf4 Bb4 18. Bd2 Qe7 19. Na2 Ba3 20. Qd1 Bb2 21. Rb1 Bxb1
22. Qxb1 Ba3 23. b4 Bxb4 24. Nxb4 axb4 25. Bxb4 Qe6 26. a5 Ne4 27. Nd2 Ndf6 28.
Kh2 Nxf2 0-1

[Event "42.OStM"]
[Site "Bergisch Gladbach"]
[Date "2022.10.28"]
[Round "7.7"]
[White "Bernecker, Jan Magnus"]
[Black "Nichte, Philipp"]
[Result "1/2-1/2"]
[WhiteElo "1462"]
[BlackElo "1744"]
[PlyCount "33"]
[EventDate "2022.??.??"]
[EventType "swiss"]
[EventRounds "7"]
[SourceVersionDate "2022.09.06"]

1. e4 c5 2. c3 g6 3. d4 Qb6 4. Nf3 Bg7 5. Bc4 d6 6. Qb3 Qxb3 7. Bxb3 Nc6 8. Ng5
Nh6 9. dxc5 dxc5 10. Be3 b6 11. O-O e6 12. f3 Ke7 13. Na3 f6 14. Nh3 Nf7 15.
Rfd1 Bd7 16. Ba4 Rhd8 17. Rd2 1/2-1/2

[Event "42.OStM"]
[Site "Bergisch Gladbach"]
[Date "2022.10.28"]
[Round "7.9"]
[White "Müller, Rene"]
[Black "Lobbes, Frank"]
[Result "1-0"]
[WhiteElo "1919"]
[BlackElo "1753"]
[PlyCount "29"]
[EventDate "2022.??.??"]
[EventType "swiss"]
[EventRounds "7"]
[SourceVersionDate "2022.09.06"]

1. e4 e5 2. Nf3 Nc6 3. Bc4 Nf6 4. Ng5 d5 5. exd5 b5 6. Bf1 Nd4 7. c3 Nf5 8.
Bxb5+ Nd7 9. d3 Bc5 10. Qf3 Nd6 11. Bc6 Rb8 12. b4 Rxb4 13. cxb4 Bxb4+ 14. Kf1
O-O 15. Ne4 1-0

[Event "42.OStM"]
[Site "Bergisch Gladbach"]
[Date "2022.10.28"]
[Round "7.10"]
[White "Aljalam, Yamen"]
[Black "Schiffer, Hans Joachim"]
[Result "1-0"]
[WhiteElo "1561"]
[BlackElo "1485"]
[PlyCount "115"]
[EventDate "2022.??.??"]
[EventType "swiss"]
[EventRounds "7"]
[SourceVersionDate "2022.09.06"]

1. e4 e6 2. Nf3 Nc6 3. g3 d5 4. exd5 exd5 5. d4 Nf6 6. Bg2 Be6 7. O-O Be7 8.
Nc3 a6 9. Bf4 O-O 10. a3 Bd6 11. Bg5 Be7 12. Ne5 Nd7 13. Nxc6 bxc6 14. Bxe7
Qxe7 15. Re1 Qd6 16. Ne2 Rfe8 17. Qd3 Nf6 18. Nf4 Qd7 19. Re2 Bf5 20. Rxe8+
Nxe8 21. Qe2 Nf6 22. c3 a5 23. Nh5 Nxh5 24. Qxh5 Bg6 25. Qh4 Rb8 26. b4 axb4
27. axb4 Re8 28. Bh3 Qd6 29. Qg4 h6 30. Qd7 Rd8 31. Qxd6 cxd6 32. Ra6 c5 33.
bxc5 dxc5 34. dxc5 d4 35. Rd6 Re8 36. Rxd4 f5 37. c6 Rc8 38. Rd6 Be8 39. Bxf5
Rxc6 40. Rxc6 Bxc6 41. Kf1 Kf7 42. Ke2 Kf6 43. Bg4 g5 44. Kd3 Ke5 45. Ke3 Bb5
46. Be2 Bc6 47. Bd3 Bb7 48. f4+ gxf4+ 49. gxf4+ Kf6 50. Be4 Ba6 51. Kd4 Bb5 52.
c4 Bd7 53. c5 Ke6 54. c6 Bc8 55. Kc5 Ke7 56. Kd5 Ba6 57. Ke5 Bc8 58. Bf5 1-0

[Event "42.OStM"]
[Site "Bergisch Gladbach"]
[Date "2022.10.28"]
[Round "7.11"]
[White "Roder, Stephan"]
[Black "Zimmermann, Wolfgang"]
[Result "1-0"]
[WhiteElo "1495"]
[BlackElo "1303"]
[PlyCount "85"]
[EventDate "2022.??.??"]
[EventType "swiss"]
[EventRounds "7"]
[SourceVersionDate "2022.09.06"]

1. d4 f5 2. Bf4 Nf6 3. e3 e6 4. h3 Be7 5. c3 O-O 6. Bd3 d5 7. Nd2 Nbd7 8. g4 c5
9. gxf5 c4 10. Bc2 Nb6 11. fxe6 Bxe6 12. e4 Qe8 13. e5 Nh5 14. Be3 Nf4 15. a4
Ng2+ 16. Ke2 Nxe3 17. fxe3 Bg5 18. Ndf3 Qh5 19. Kd2 Qh6 20. Qe2 a5 21. Nxg5
Qxg5 22. h4 Qg3 23. Rf1 Bg4 24. Qe1 Qg2+ 25. Ne2 Rxf1 26. Rxf1 Rf8 27. Bxh7+
Kxh7 28. Rxf8 Nxa4 29. Qb1+ Qe4 30. Qxe4+ dxe4 31. Rb8 Nxb2 32. Rxb7 Nd3 33.
Ra7 Kh6 34. Ng3 g6 35. Rxa5 Nf2 36. Rc5 Bf3 37. Rxc4 Ng4 38. e6 Nf6 39. Rc5 Bg4
40. e7 Be6 41. Rc6 Bf7 42. Rxf6 Kg7 43. Nxe4 1-0

[Event "42.OStM"]
[Site "Bergisch Gladbach"]
[Date "2022.10.28"]
[Round "7.12"]
[White "Birk, Wilfried"]
[Black "Hoferichter, Michael"]
[Result "0-1"]
[WhiteElo "1409"]
[BlackElo "1468"]
[PlyCount "26"]
[EventDate "2022.??.??"]
[EventType "swiss"]
[EventRounds "7"]
[SourceVersionDate "2022.09.06"]

1. d4 d5 2. Nf3 Nf6 3. e3 Bf5 4. Bd3 e6 5. Bxf5 exf5 6. Qd3 g6 7. Qb5+ Nbd7 8.
Qxb7 Bd6 9. O-O O-O 10. Nc3 a6 11. Nxd5 Rb8 12. Nxf6+ Qxf6 13. Qxa6 Bxh2+ 0-1

[Event "42.OStM"]
[Site "Bergisch Gladbach"]
[Date "2022.10.28"]
[Round "7.14"]
[White "Klein, Dieter"]
[Black "Schneider, Erich"]
[Result "1-0"]
[WhiteElo "1587"]
[BlackElo "1195"]
[PlyCount "103"]
[EventDate "2022.??.??"]
[EventType "swiss"]
[EventRounds "7"]
[SourceVersionDate "2022.09.06"]

1. e4 d5 2. exd5 Qxd5 3. c4 Qd8 4. Nc3 Nc6 5. Nf3 Bf5 6. a3 Nf6 7. Be2 e6 8.
O-O Be7 9. b4 a6 10. Bb2 O-O 11. d4 Qd7 12. b5 axb5 13. cxb5 Na5 14. Ne5 Qd6
15. Bf3 c6 16. Rc1 c5 17. Ne2 Rac8 18. Qa4 b6 19. Rfd1 Nd5 20. dxc5 Rxc5 21.
Rxc5 Qxc5 22. Nd7 Qc2 23. Qxc2 Bxc2 24. Re1 Rd8 25. Nd4 Ba4 26. Bxd5 Rxd7 27.
Bf3 Nc4 28. Bc3 Nxa3 29. Nc6 Nxb5 30. Nxe7+ Rxe7 31. Bb4 Rc7 32. Ra1 Ra7 33.
Bc6 Nd4 34. Bxa4 b5 35. Bc5 Rxa4 36. Bxd4 f6 37. Rxa4 bxa4 38. Bc5 Kf7 39. Kf1
e5 40. Ke2 Ke6 41. Kd3 Kd5 42. Bf8 g6 43. f3 f5 44. g3 e4+ 45. Ke3 exf3 46.
Kxf3 Ke5 47. Bg7+ Ke6 48. Kf4 Kf7 49. Bb2 Ke6 50. Kg5 Kf7 51. Kh6 Kg8 52. Bc3
1-0

[Event "42.OStM"]
[Site "Bergisch Gladbach"]
[Date "2022.10.28"]
[Round "7.15"]
[White "Ramien, Eva"]
[Black "Ehmann, Florian"]
[Result "0-1"]
[WhiteElo "994"]
[BlackElo "1190"]
[PlyCount "68"]
[EventDate "2022.??.??"]
[EventType "swiss"]
[EventRounds "7"]
[SourceVersionDate "2022.09.06"]

1. e4 e5 2. Nf3 Nc6 3. Bc4 Bc5 4. Nc3 Nf6 5. d3 Qe7 6. Bg5 d6 7. Nd5 Qd8 8.
Nxf6+ gxf6 9. Bh6 Be6 10. Bb5 Qd7 11. Bg7 Rg8 12. Bxf6 a6 13. Bxc6 Qxc6 14. O-O
d5 15. Bxe5 O-O-O 16. Ng5 Rxg5 17. Bf6 Rdg8 18. Bxg5 Rxg5 19. Kh1 dxe4 20. dxe4
Qxe4 21. f3 Qg6 22. Qd2 h5 23. Rad1 Be7 24. h3 Rd5 25. Qf2 Bc5 26. Qe2 b5 27.
Rxd5 Bxd5 28. Qe8+ Kb7 29. Rd1 Bc6 30. Qh8 Bd6 31. Qd4 Qxc2 32. Qd2 Qg6 33. Rg1
Qg3 34. Rf1 Qh2# 0-1